000 00620nam a22002417a 4500
003 UA-OsUOA
001 25729
007 ta
008 20040426b un ||||| |||| 00| 0 ukr d
090 _a347.1(094.4)
_bУ45
942 _cBK
040 _aUA-OsUOA
_bukr
_cUA-OsUOA
_dUA-OsUOA
245 _aУкраїна. Закони. Цивільний кодекс України
_bОфіційний текст
300 _a402 с.
955 _a0
041 _aukr
080 _a347.1(094.4)
020 _a966-7982-71-8
260 _aКиїв
_bКондор
_c2004
044 _aUA
650 7 _2UDC
999 _c312029
_d312029